Normal view
MARC view
Entry Personal Name
001 - CONTROL NUMBER
- control field: 82945
003 - CONTROL NUMBER IDENTIFIER
- control field: dpl
005 - DATE AND TIME OF LATEST TRANSACTION
- control field: 20250714115800.0
008 - FIXED-LENGTH DATA ELEMENTS
- fixed length control field: 250714|| aca||aabn | a|a d
040 ## - CATALOGING SOURCE
- Original cataloging agency: dpl
- Transcribing agency: dpl
100 ## - HEADING--PERSONAL NAME
- Personal name: Karim, Rezaul
670 ## - SOURCE DATA FOUND
- Source citation: Work cat.: (dpl)212349: Ganguly, Akash 82944, Essential Physics for Radiology and Imaging/, 2022
